| 000 | 00915nam a22002537a 4500 | ||
|---|---|---|---|
| 999 |
_c14966 _d14966 |
||
| 003 | AR-CdUCM | ||
| 008 | 190425b ||||| |||| 00| 0 spa d | ||
| 020 | _a978-84-441-4809-0 | ||
| 040 |
_aMUNICIPALIDAD PROVINCIAL DEL CUSCO _cBIBLIOTECA MUNICIPAL DEL CUSCO |
||
| 082 |
_aPI / 376.1 / _bL44 |
||
| 100 |
_aLeo & Chus _933949 |
||
| 245 |
_aLos animales Animals : _bEl libro que busca para ayudar a tu hijo con el ingles / |
||
| 260 |
_aLa Coruña : _bEvergráficas, _c2012. |
||
| 300 |
_a24 páginas ; _bilustraciones, _c27 cm. |
||
| 440 |
_aContenidos Multiplataforma Adosaguas. _933950 |
||
| 500 |
_aTexto Español / Inglés. _aTexto contiene stickers. |
||
| 650 |
_aAprendizaje infantil _933271 |
||
| 650 |
_aLiteratura infantil _9588 |
||
| 650 |
_aAnimales _9917 |
||
| 700 |
_aHastings, Andrew (revisión) _933951 |
||
| 710 |
_aEditorial Everest _933952 |
||
| 942 |
_2ddc _cLIBROS |
||
| 945 |
_aachl _d2019-04-25 |
||